Statistics for Presidents of the Czech Republic and Czechoslovakia

Click here to take the quiz!

General Stats

  • This quiz has been taken 496 times
  • The average score is 9 of 11

Answer Stats

Name% Correct
Václav Havel
97%
Miloš Zeman
96%
Tomáš Garrigue Masaryk
93%
Edvard Beneš
89%
Václav Klaus
88%
Klement Gottwald
82%
Gustáv Husák
79%
Emil Hácha
64%
Antonín Zápotocký
63%
Ludvík Svoboda
63%
Antonín Novotný
61%

Score Distribution

Percentile by Number Answered

Percent of People with Each Score

Your Score History

You have not taken this quiz